| 000 | 00673nam a22002057a 4500 | ||
|---|---|---|---|
| 999 |
_c15372 _d15372 |
||
| 003 | AR-CdUCM | ||
| 008 | 190426b ||||| |||| 00| 0 spa d | ||
| 020 | _a978-607-16-0000-4 | ||
| 040 |
_aMUNICIPALIDAD PROVINCIAL DEL CUSCO _cBIBLIOTECA MUNICIPAL DEL CUSCO |
||
| 082 |
_aPI / 808.068 / _bL27 |
||
| 100 |
_aLuján, Jorge _934423 |
||
| 245 | _aBarco de papel / | ||
| 260 |
_aMéxico : _bFondo de cultura económica, _c2008. |
||
| 300 |
_a32 páginas ; _bIlustraciones, _c22 cm. |
||
| 440 |
_aLos especiales de A la orilla del viento ; _933315 |
||
| 650 |
_aLiteratura infantil _9588 |
||
| 700 |
_aFriese, Julia _934424 |
||
| 942 |
_2ddc _cLIBROS |
||
| 945 |
_aacv _d2019-04-26 |
||